[Event "VI Open Inverno Vomero"]
[Site "Napoli ITA"]
[Date "2011.01.28"]
[Round "3"]
[White "Franzese, Luigi"]
[Black "Longobardi, Giuseppe"]
[Result "0-1"]
[WhiteElo "1890"]
[BlackElo "2033"]
[PlyCount "54"]
[EventDate "2011.01.14"]

1. Nf3 d5 2. c4 c6 3. b3 Nf6 4. g3 g6 5. Bb2 Bg7 6. Bg2 O-O 7. O-O dxc4 8. bxc4
Qb6 9. Qc2 Bf5 10. d3 Na6 11. a3 Rfd8 12. Nc3 Nc5 13. Rfd1 Ng4 14. h3 Nxf2 15.
Rf1 Ncxd3 16. exd3 Nxd3+ 17. Rf2 Nxb2 18. Na4 Nxa4 19. Qc1 Nc3 20. Bf1 Ne4 21.
c5 Qc7 22. Raa2 Qxg3+ 23. Bg2 Nxf2 24. Rxf2 Bxh3 25. Qf1 Rd5 26. Kh1 Rh5 27.
Nh2 Rd8 0-1

[Event "VI Open Inverno Vomero"]
[Site "Napoli ITA"]
[Date "2011.01.28"]
[Round "3"]
[White "Marturano, Giampiero"]
[Black "Supino, Domenico"]
[Result "0-1"]
[WhiteElo "2068"]
[BlackElo "2109"]
[PlyCount "64"]
[EventDate "2011.01.14"]

1. e4 d5 2. exd5 Qxd5 3. Nc3 Qd6 4. d4 Nf6 5. Nb5 Qb6 6. c4 c6 7. Nc3 Bf5 8.
Bd3 Qxd4 9. Bxf5 Qe5+ 10. Qe2 Qxf5 11. Nf3 e6 12. O-O Be7 13. Be3 O-O 14. Nd4
Qh5 15. f3 c5 16. Nb3 b6 17. Nd2 Nc6 18. Nde4 Nxe4 19. Nxe4 Rad8 20. Rad1 Qg6
21. Rxd8 Rxd8 22. Rd1 Nd4 23. Bxd4 cxd4 24. a3 a5 25. Qd2 f5 26. Nf2 e5 27. Re1
Bf6 28. b4 axb4 29. axb4 Qf7 30. Qd3 g6 31. Qc2 Rc8 32. Rc1 Bg5 0-1

[Event "VI Open Inverno Vomero"]
[Site "Napoli ITA"]
[Date "2011.01.28"]
[Round "3"]
[White "Cerrato, Roberto"]
[Black "Pinto, Gaetano"]
[Result "0-1"]
[WhiteElo "1822"]
[BlackElo "2023"]
[PlyCount "82"]
[EventDate "2011.01.14"]

1. c4 e5 2. g3 g6 3. Bg2 Bg7 4. Nc3 c6 5. e3 d6 6. Nge2 Ne7 7. O-O O-O 8. b3
Nd7 9. Ba3 Qc7 10. Rc1 Nf6 11. d4 Rd8 12. Qc2 Bf5 13. e4 Bg4 14. f3 exd4 15.
Nxd4 Bc8 16. Rfd1 Ne8 17. Kh1 Kh8 18. Bb2 Ng8 19. Nce2 Ngf6 20. Nc3 h5 21. Re1
h4 22. Qf2 hxg3 23. hxg3 Nh5 24. Nde2 Kg8 25. Rcd1 Be6 26. f4 Nhf6 27. f5 Bc8
28. fxg6 fxg6 29. Bf3 Ng4 30. Bxg4 Bxg4 31. Rd3 Rd7 32. Nf4 Rf7 33. Qc2 g5 34.
Ng2 Be5 35. Nd1 Rh7+ 36. Kg1 Qg7 37. Bxe5 dxe5 38. Nge3 Bf3 39. Nf5 Rh1+ 40.
Kf2 Rh2+ 41. Kxf3 g4+ 0-1

[Event "VI Open Inverno Vomero"]
[Site "Napoli ITA"]
[Date "2011.01.28"]
[Round "3"]
[White "Esposito, Pino"]
[Black "Ficco, Corrado"]
[Result "0-1"]
[WhiteElo "1859"]
[BlackElo "2130"]
[PlyCount "52"]
[EventDate "2011.01.14"]

1. e4 c5 2. Nf3 e6 3. d4 cxd4 4. Nxd4 Nf6 5. Nc3 Nc6 6. Ndb5 d6 7. Be2 a6 8.
Na3 b5 9. Naxb5 axb5 10. Bxb5 Bd7 11. Bf4 Qc7 12. Qd2 Be7 13. Rd1 Ne5 14. Bg5
Qb7 15. Bxf6 gxf6 16. Qe2 Bxb5 17. Nxb5 Rxa2 18. c4 O-O 19. f4 Nd7 20. O-O Kh8
21. Rd2 Rg8 22. Rfd1 Nc5 23. Nc3 Raa8 24. Qh5 Rg7 25. e5 dxe5 26. f5 Nb3 0-1

[Event "VI Open Inverno Vomero"]
[Site "Napoli ITA"]
[Date "2011.01.28"]
[Round "3"]
[White "Borrelli, Salvatore"]
[Black "Lombardo, Claudio"]
[Result "1-0"]
[WhiteElo "1973"]
[BlackElo "1772"]
[PlyCount "109"]
[EventDate "2011.01.14"]

1. d4 Nf6 2. Nf3 e6 3. e3 c5 4. Bd3 cxd4 5. exd4 Be7 6. O-O d6 7. c4 b6 8. Nc3
Bb7 9. d5 e5 10. Rb1 Nbd7 11. b4 O-O 12. h3 a6 13. a4 Qc7 14. Be3 Rab8 15. Qd2
Rfc8 16. Ng5 Nf8 17. Nge4 N8d7 18. Kh1 Nxe4 19. Nxe4 Nf6 20. Ng3 g6 21. Rbc1
Qd7 22. h4 Ng4 23. Bg5 Qd8 24. Ne4 f5 25. Bxe7 Qxe7 26. Ng5 e4 27. Be2 Ne5 28.
Qf4 Re8 29. Ne6 Bc8 30. Nd4 Bd7 31. b5 a5 32. g3 Kg7 33. Nc6 Bxc6 34. dxc6 Qc7
35. Kg2 Rbd8 36. Rcd1 Qf7 37. Rd5 Qc7 38. Rfd1 Re6 39. Qd2 Nf7 40. h5 Re5 41.
-- Kf6 42. hxg6 hxg6 43. Rh1 Rg8 44. Qd4 Rg7 45. Bd1 Ke6 46. Rxe5+ Nxe5 47.
Qd5+ Ke7 48. Be2 Kf6 49. Qd2 Ke7 50. Qh6 Kf6 51. Qh8 Nf7 52. Qa8 Ne5 53. Rh8
Nf7 54. Rf8 Ke7 55. Rc8 1-0

[Event "VI Open Inverno Vomero"]
[Site "Napoli ITA"]
[Date "2011.01.28"]
[Round "3"]
[White "Caiazzo, Diego"]
[Black "Parente, Giuseppe"]
[Result "0-1"]
[WhiteElo "1863"]
[BlackElo "1703"]
[PlyCount "136"]
[EventDate "2011.01.14"]

1. Nf3 d5 2. b3 Nf6 3. e3 Bg4 4. Bb2 Nbd7 5. Be2 e6 6. O-O Be7 7. d4 O-O 8.
Nbd2 c5 9. c4 b6 10. Rc1 Rc8 11. h3 Bh5 12. Nh2 Bg6 13. Ng4 Nxg4 14. hxg4 Nf6
15. f4 Qd7 16. g5 Ne8 17. Nf3 f6 18. gxf6 Bxf6 19. Ne5 Bxe5 20. fxe5 Nc7 21.
Qd2 Qe7 22. Bf3 Qg5 23. Qe2 Bf5 24. cxd5 Nxd5 25. Bxd5 exd5 26. Rce1 Qg6 27.
Rf4 cxd4 28. Bxd4 Rc2 29. Qf3 Rf7 30. Qxd5 h6 31. Ref1 Be6 32. Qa8+ Kh7 33.
Rxf7 Bxf7 34. Qf3 Be6 35. Rf2 Rxa2 36. e4 Ra3 37. Rb2 Bc4 38. Qf5 Be6 39. Qxg6+
Kxg6 40. b4 Ra1+ 41. Kf2 Rc1 42. Kf3 h5 43. b5 Bg4+ 44. Kf4 Rc4 45. Ke3 Kh6 46.
Kd3 Be6 47. Be3+ Kg6 48. g3 Rc7 49. Rb4 Bg4 50. Rd4 Rd7 51. Rd6+ Kf7 52. Kd4
Rxd6+ 53. exd6 Ke6 54. e5 Be2 55. Ke4 Bxb5 56. Kf4 g6 57. Bd4 Bd3 58. Ke3 Bf5
59. Kf4 Kd7 60. Kg5 Kc6 61. Kf4 Kd5 62. Bb2 a5 63. Ke3 Kc4 64. Kd2 b5 65. Ke3
b4 66. Kd2 a4 67. Bc1 a3 68. Ke3 Kb3 0-1

[Event "VI Open Inverno Vomero"]
[Site "Napoli ITA"]
[Date "2011.01.28"]
[Round "3"]
[White "Sparice, Lorenzo"]
[Black "Taurisano, Vincenzo"]
[Result "0-1"]
[WhiteElo "1380"]
[BlackElo "1863"]
[PlyCount "40"]
[EventDate "2011.01.14"]

1. d4 d5 2. c4 e6 3. Nf3 Nf6 4. e3 Be7 5. Bd3 O-O 6. Nc3 dxc4 7. Bxc4 a6 8. a4
c5 9. d5 exd5 10. Nxd5 Nxd5 11. Qxd5 Nc6 12. Bd2 Bg4 13. O-O Bxf3 14. gxf3 Qc7
15. Bc3 Rad8 16. Qf5 Rd6 17. Be5 Nxe5 18. Qxe5 Rg6+ 19. Qg3 Bd6 20. Qxg6 hxg6
0-1

[Event "VI Open Inverno Vomero"]
[Site "Napoli ITA"]
[Date "2011.01.28"]
[Round "3"]
[White "Esposito, Rosario"]
[Black "Chiummo, Sergio"]
[Result "1/2-1/2"]
[WhiteElo "1833"]
[BlackElo "1937"]
[PlyCount "72"]
[EventDate "2011.01.14"]

1. d4 Nf6 2. c4 e6 3. Nc3 Bb4 4. f3 d5 5. a3 Bxc3+ 6. bxc3 h6 7. e3 Nbd7 8.
cxd5 exd5 9. Bd3 O-O 10. Ne2 Re8 11. O-O Nf8 12. Ng3 c5 13. Bc2 b6 14. e4 dxe4
15. fxe4 Bg4 16. Qd2 N6h7 17. e5 Nd7 18. Qd3 Ndf8 19. Ne4 Qd5 20. Qg3 h5 21.
Nd6 cxd4 22. Be4 Qc5 23. cxd4 Qxd4+ 24. Be3 Qxe5 25. Qxe5 Rxe5 26. Bxa8 Rxe3
27. Nxf7 Nf6 28. Nh6+ Kh7 29. Nxg4 hxg4 30. Rfe1 Rc3 31. Re7 a5 32. Bb7 N8d7
33. Ba6 Nc5 34. Bb5 Nd5 35. Ree1 Ne3 36. Rec1 Rb3 1/2-1/2

[Event "VI Open Inverno Vomero"]
[Site "Napoli ITA"]
[Date "2011.01.28"]
[Round "3"]
[White "Zinnai, Graziano Matteo"]
[Black "De Meo, Guido"]
[Result "1-0"]
[WhiteElo "1807"]
[BlackElo "1851"]
[PlyCount "39"]
[EventDate "2011.01.14"]

1. e4 c5 2. Nf3 d6 3. c3 Nf6 4. Be2 Bg4 5. d3 Nc6 6. Nbd2 g6 7. h3 Bxf3 8. Nxf3
Bg7 9. O-O O-O 10. Be3 b5 11. Nd2 b4 12. f4 bxc3 13. bxc3 Nd7 14. Qc2 Rb8 15.
Nf3 Qc7 16. d4 cxd4 17. cxd4 Rb7 18. Rac1 Rc8 19. Ba6 Nxd4 20. Nxd4 1-0

[Event "VI Open Inverno Vomero"]
[Site "Napoli ITA"]
[Date "2011.01.28"]
[Round "3"]
[White "Morace, Vitaliano"]
[Black "Di Gennaro, Antonio"]
[Result "1/2-1/2"]
[WhiteElo "1607"]
[BlackElo "1659"]
[PlyCount "62"]
[EventDate "2011.01.14"]

1. e4 c5 2. Nf3 d6 3. d4 cxd4 4. Nxd4 Nf6 5. Nc3 a6 6. g3 e5 7. Nb3 Be6 8. Bg2
Nbd7 9. O-O Rc8 10. Be3 Be7 11. Nd5 Nxd5 12. exd5 Bf5 13. Rc1 O-O 14. c4 b6 15.
Nd2 a5 16. f4 Bg6 17. f5 Bxf5 18. Rxf5 g6 19. Rf2 f5 20. Bh6 Re8 21. Nf3 g5 22.
Qd2 f4 23. Bh3 e4 24. Be6+ Kh8 25. Bxd7 e3 26. Qd4+ Bf6 27. Nxg5 exf2+ 28. Kf1
Qe7 29. Qxf2 Qxd7 30. Ne6 Rxe6 31. dxe6 Qxe6 1/2-1/2

[Event "VI Open Inverno Vomero"]
[Site "Napoli ITA"]
[Date "2011.01.28"]
[Round "3"]
[White "Cosenza, Gianni"]
[Black "Vannini, Aldo"]
[Result "1-0"]
[WhiteElo "1959"]
[BlackElo "1808"]
[PlyCount "43"]
[EventDate "2011.01.14"]

1. e4 d6 2. d4 Nf6 3. Nc3 Nbd7 4. f3 e5 5. Be3 a6 6. g4 h6 7. Qd2 Be7 8. Nge2
b5 9. Ng3 exd4 10. Bxd4 Ne5 11. Be2 c5 12. Be3 Nh7 13. O-O-O Nc4 14. Bxc4 bxc4
15. Nd5 Be6 16. Nxe7 Kxe7 17. Nf5+ Bxf5 18. gxf5 Rb8 19. Qc3 Qb6 20. e5 Rhd8
21. exd6+ Rxd6 22. Qe5+ 1-0

[Event "VI Open Inverno Vomero"]
[Site "Napoli ITA"]
[Date "2011.02.04"]
[Round "4"]
[White "Rosato, Luciano"]
[Black "Longobardi, Giuseppe"]
[Result "1/2-1/2"]
[WhiteElo "2278"]
[BlackElo "2033"]
[PlyCount "78"]
[EventDate "2011.01.14"]

1. d4 Nf6 2. Nf3 e6 3. e3 b6 4. Bd3 Bb7 5. Nbd2 d5 6. O-O Bd6 7. b3 Nbd7 8. Bb2
Ne4 9. Ne5 Nxd2 10. Qxd2 f6 11. Nxd7 Qxd7 12. c4 O-O 13. Rac1 c5 14. cxd5 exd5
15. Be2 Rac8 16. dxc5 bxc5 17. Bf3 Be7 18. Rfd1 Rfd8 19. Qe2 Qe6 20. Rc2 Rd7
21. Rdc1 g6 22. g3 Bf8 23. Bg2 Rcd8 24. Ba3 Ba6 25. Qe1 c4 26. Bxf8 Kxf8 27.
Qb4+ Kg7 28. Rd2 d4 29. exd4 Rxd4 30. Rxd4 Rxd4 31. Re1 Qd6 32. Qxd6 Rxd6 33.
Bf1 c3 34. Bxa6 Rxa6 35. Re2 Rd6 36. Re7+ Kh6 37. Rc7 Rd2 38. a4 c2 39. Kg2 a5
1/2-1/2

[Event "VI Open Inverno Vomero"]
[Site "Napoli ITA"]
[Date "2011.02.04"]
[Round "4"]
[White "Supino, Domenico"]
[Black "Pinto, Gaetano"]
[Result "1/2-1/2"]
[WhiteElo "2109"]
[BlackElo "2023"]
[PlyCount "65"]
[EventDate "2011.01.14"]

1. e4 e6 2. d3 Nc6 3. Nf3 e5 4. g3 Bc5 5. Bg2 d6 6. c3 Nf6 7. O-O a6 8. a4 O-O
9. Qe2 Re8 10. Be3 Ba7 11. Nbd2 Ne7 12. Bxa7 Rxa7 13. Nc4 Ng6 14. Ne3 Ra8 15.
Nd2 Nd7 16. h4 h6 17. Nf3 Nf6 18. Nh2 Nh7 19. Nhg4 Nf6 20. Nh2 Nh7 21. Nf3 Nf6
22. Nd2 Nh7 23. Ndc4 Be6 24. Nf5 Ne7 25. Nce3 c6 26. Bh3 Nxf5 27. Bxf5 g6 28.
Bxe6 fxe6 29. Ng4 Kg7 30. Qe3 g5 31. hxg5 Qxg5 32. Qxg5+ hxg5 33. Kg2 1/2-1/2

[Event "VI Open Inverno Vomero"]
[Site "Napoli ITA"]
[Date "2011.02.04"]
[Round "4"]
[White "Ficco, Corrado"]
[Black "Schiappoli, Dario"]
[Result "1/2-1/2"]
[WhiteElo "2130"]
[BlackElo "1947"]
[PlyCount "40"]
[EventDate "2011.01.14"]

1. c4 e5 2. g3 Nf6 3. Bg2 d5 4. cxd5 Nxd5 5. Nf3 Nc6 6. O-O Bc5 7. Nc3 Be6 8.
d3 f6 9. a3 Qd7 10. Bd2 O-O-O 11. Rc1 Bb6 12. b4 Nxc3 13. Bxc3 Bh3 14. b5 Ne7
15. a4 Nd5 16. Qd2 Bxg2 17. Kxg2 Qg4 18. a5 Nf4+ 19. Kg1 Nh3+ 20. Kg2 Nf4+
1/2-1/2

[Event "VI Open Inverno Vomero"]
[Site "Napoli ITA"]
[Date "2011.02.04"]
[Round "4"]
[White "Di Meo, Antonio"]
[Black "Franzese, Luigi"]
[Result "1/2-1/2"]
[WhiteElo "1966"]
[BlackElo "1890"]
[PlyCount "112"]
[EventDate "2011.01.14"]

1. b3 e5 2. Bb2 d6 3. e3 Nf6 4. Nf3 Be7 5. Be2 Nc6 6. O-O O-O 7. d4 exd4 8.
Nxd4 Nxd4 9. Qxd4 Bd7 10. Bd3 Ne8 11. Qe4 g6 12. Qxb7 Bf6 13. Bxf6 Nxf6 14. Nd2
Be6 15. Qf3 Qe7 16. Ne4 Ng4 17. h3 Ne5 18. Qf6 Qxf6 19. Nxf6+ Kg7 20. Ne4 Nxd3
21. cxd3 Bf5 22. Rac1 Rac8 23. Rc6 Bd7 24. Rc3 f5 25. Ng3 Rfe8 26. Rfc1 c6 27.
Ne2 Rc7 28. b4 Rec8 29. d4 Be6 30. a3 g5 31. Ng3 Kg6 32. e4 f4 33. Nf1 Bd7 34.
Nd2 Kf6 35. Nb3 Ke7 36. d5 Kd8 37. dxc6 Rxc6 38. Rxc6 Rxc6 39. Rxc6 Bxc6 40.
Nd2 Ke7 41. Kf1 Ke6 42. Ke2 Bb5+ 43. Kf3 h5 44. g3 fxg3 45. fxg3 Ke5 46. Ke3 g4
47. hxg4 hxg4 48. Nb3 Bc6 49. Nd2 Bb5 50. Nb1 Bc6 51. Nc3 a6 52. a4 Bb7 53. b5
axb5 54. axb5 Ba8 55. Kd3 Bb7 56. Kc4 Ba8 1/2-1/2

[Event "VI Open Inverno Vomero"]
[Site "Napoli ITA"]
[Date "2011.02.04"]
[Round "4"]
[White "Taurisano, Vincenzo"]
[Black "Cosenza, Gianni"]
[Result "0-1"]
[WhiteElo "1863"]
[BlackElo "1959"]
[PlyCount "66"]
[EventDate "2011.01.14"]

1. g3 d5 2. d4 Nf6 3. Bg2 Bf5 4. Nf3 h6 5. O-O c6 6. b3 e6 7. Bb2 Be7 8. Nbd2
O-O 9. c4 Nbd7 10. Re1 Re8 11. Rc1 Bd6 12. Nh4 Bh7 13. e4 Bb4 14. e5 Ne4 15.
Nxe4 dxe4 16. Re3 f5 17. exf6 Nxf6 18. Bf1 Qa5 19. d5 e5 20. a4 Rad8 21. Bc3
Kh8 22. Qe1 Bxc3 23. Qxc3 Qxc3 24. Rexc3 cxd5 25. cxd5 Nxd5 26. Rc5 e3 27. fxe3
Nxe3 28. Bb5 Re6 29. Rc8 Red6 30. Rxd8+ Rxd8 31. Rc7 Be4 32. Re7 g5 33. Rxe5
Rd1+ 0-1

[Event "VI Open Inverno Vomero"]
[Site "Napoli ITA"]
[Date "2011.02.04"]
[Round "4"]
[White "Parente, Giuseppe"]
[Black "Cerrato, Roberto"]
[Result "0-1"]
[WhiteElo "1703"]
[BlackElo "1822"]
[PlyCount "78"]
[EventDate "2011.01.14"]

1. Nf3 e6 2. g3 d5 3. Bg2 Nf6 4. b3 Be7 5. O-O O-O 6. Bb2 c5 7. d4 Nc6 8. e3
Bd7 9. Nbd2 Rc8 10. c4 cxd4 11. cxd5 Nxd5 12. Nxd4 Nxd4 13. Bxd4 Bb5 14. Re1
Nc3 15. Qg4 Bf6 16. Bxf6 Qxf6 17. Bxb7 Rc7 18. Ne4 Ne2+ 19. Kg2 Qe5 20. a4 f5
21. Qg5 Rxb7 22. axb5 Qxe4+ 23. f3 Qe5 24. Ra2 Nc3 25. Ra5 Qf6 26. Qf4 Nd5 27.
Qc4 Qc3 28. Qxc3 Nxc3 29. Rc1 Nd5 30. Kf2 Rd8 31. Rc6 Kf7 32. Ke2 Rdd7 33. e4
Ne7 34. e5 Rbc7 35. Rd6 Nd5 36. Raa6 Rxd6 37. exd6 Rd7 38. Rc6 e5 39. f4 e4 0-1

[Event "VI Open Inverno Vomero"]
[Site "Napoli ITA"]
[Date "2011.02.04"]
[Round "4"]
[White "Zinnai, Graziano Matteo"]
[Black "Marturano, Giampiero"]
[Result "1-0"]
[WhiteElo "1807"]
[BlackElo "2068"]
[PlyCount "61"]
[EventDate "2011.01.14"]

1. e4 e5 2. Nf3 Nc6 3. d3 Nf6 4. c3 d5 5. Nbd2 dxe4 6. dxe4 Bg4 7. Qc2 Bd6 8.
Be2 O-O 9. O-O Qc8 10. b4 Nh5 11. Re1 Nf4 12. Bf1 f5 13. Bb2 fxe4 14. Qxe4 Bf5
15. Qe3 a6 16. a3 Bg6 17. c4 Qg4 18. Kh1 Rae8 19. c5 e4 20. cxd6 exf3 21. Qxf3
Qxf3 22. Nxf3 cxd6 23. Rxe8 Rxe8 24. Rd1 Ne5 25. Nxe5 dxe5 26. Bc4+ Kf8 27. g3
Bh5 28. Rd7 Ne2 29. Kg2 Nd4 30. f4 Nc6 31. Rxb7 1-0

[Event "VI Open Inverno Vomero"]
[Site "Napoli ITA"]
[Date "2011.02.04"]
[Round "4"]
[White "Avolio, Giovanni"]
[Black "Caiazzo, Diego"]
[Result "0-1"]
[WhiteElo "1808"]
[BlackElo "1863"]
[PlyCount "154"]
[EventDate "2011.01.14"]

1. c4 e6 2. Nf3 d5 3. g3 Nf6 4. b3 Be7 5. Bg2 O-O 6. O-O c5 7. Bb2 Nc6 8. cxd5
exd5 9. d4 Be6 10. dxc5 Bxc5 11. Nd4 Rc8 12. e3 Nxd4 13. Bxd4 Bxd4 14. Qxd4 Qa5
15. Nd2 Rc2 16. b4 Qa4 17. Nb3 b6 18. Qd3 Rfc8 19. Nd4 Rxa2 20. Rac1 Rxc1 21.
Rxc1 Ra1 22. Rb1 Qa2 23. Rf1 Rxf1+ 24. Qxf1 Qc4 25. b5 Qa2 26. Qc1 Qc4 27. Qa1
Qc7 28. Nc6 Kf8 29. Qxa7 Qxa7 30. Nxa7 Ke7 31. Nc6+ Kd6 32. f3 Kc5 33. Nd4 Bd7
34. Bf1 Ne8 35. Kf2 Nd6 36. Ke1 Nxb5 37. Bxb5 Bxb5 38. Kd1 g6 39. Kc2 Kb4 40.
Kb2 Ba4 41. g4 Kc4 42. Ka3 Bd7 43. Nc2 Kd3 44. Nb4+ Kc4 45. Nc2 b5 46. g5 Be6
47. Nd4 b4+ 48. Kb2 Bf5 49. Nc6 Kd3 50. e4 dxe4 51. fxe4 Kxe4 52. Kb3 Be6+ 53.
Kxb4 Kf4 54. Kc5 Kxg5 55. Kd6 Ba2 56. Ke5 f6+ 57. Ke4 Bb1+ 58. Kf3 f5 59. Ne5
Ba2 60. Nd3 Bd5+ 61. Kg3 Be4 62. Nf4 Kf6 63. h4 h6 64. Nh3 g5 65. hxg5+ hxg5
66. Ng1 f4+ 67. Kg4 Bf5+ 68. Kf3 Ke5 69. Ne2 g4+ 70. Kf2 Be4 71. Kg1 g3 72. Nc3
Kd4 73. Ne2+ Ke3 74. Nc3 f3 75. Nd1+ Kd2 76. Nb2 Ke1 77. Nd3+ Bxd3 0-1

[Event "VI Open Inverno Vomero"]
[Site "Napoli ITA"]
[Date "2011.02.04"]
[Round "4"]
[White "Chiummo, Sergio"]
[Black "Russo Spena, Vincenzo"]
[Result "1-0"]
[WhiteElo "1937"]
[BlackElo "1409"]
[PlyCount "57"]
[EventDate "2011.01.14"]

1. c4 Nf6 2. Nc3 g6 3. g3 d6 4. Bg2 Nbd7 5. e4 e5 6. Nge2 a6 7. d4 Bg7 8. O-O
O-O 9. h3 b6 10. Be3 Bb7 11. d5 c6 12. Rc1 b5 13. dxc6 Bxc6 14. cxb5 Bxb5 15.
Qxd6 Ne8 16. Qd2 Rc8 17. Rfd1 Nef6 18. Nxb5 Rxc1 19. Qxc1 axb5 20. Nc3 Qb8 21.
Bf1 b4 22. Nd5 Rc8 23. Ne7+ Kf8 24. Nxc8 Qa8 25. Nb6 Qb7 26. Nxd7+ Nxd7 27. Qd2
Nf6 28. Qd8+ Ne8 29. Bc5+ 1-0

[Event "VI Open Inverno Vomero"]
[Site "Napoli ITA"]
[Date "2011.02.04"]
[Round "4"]
[White "Esposito, Pino"]
[Black "Improta, Giovanni"]
[Result "1/2-1/2"]
[WhiteElo "1859"]
[BlackElo "1859"]
[PlyCount "158"]
[EventDate "2011.01.14"]

1. e4 Nf6 2. Nc3 d5 3. exd5 Nxd5 4. Bc4 c6 5. Qf3 Be6 6. Nge2 Qd7 7. Nd4 Bg4 8.
Qe4 Nf6 9. Qe5 e6 10. f3 Bd6 11. Qe3 Bc5 12. Nce2 Bh5 13. b4 Bb6 14. b5 O-O 15.
a4 e5 16. Qxe5 Re8 17. Ne6 fxe6 18. Bb2 Bc7 19. Qg5 h6 20. Qh4 Bf7 21. Bxf6
gxf6 22. Qxf6 e5 23. Bd3 Re6 24. Qh4 Qe7 25. Qg4+ Qg5 26. Qe4 Bg6 27. Qc4 Qf6
28. Bxg6 Qxg6 29. Ra3 Kh7 30. Re3 Nd7 31. Nf4 exf4 32. Rxe6 Re8 33. Rxe8 Qxe8+
34. Kd1 Nb6 35. Qd3+ Qg6 36. Qd4 Qg7 37. Qe4+ Kh8 38. c3 Qe5 39. Qg6 Nc4 40.
Qxh6+ Kg8 41. Qg6+ Kh8 42. Qc2 Qd5 43. Re1 Ne3+ 44. Rxe3 fxe3 45. d4 cxb5 46.
Qg6 Qb3+ 47. Ke2 Qb2+ 48. Kxe3 Qxc3+ 49. Ke2 Qb2+ 50. Ke3 Qc1+ 51. Ke2 Bf4 52.
Qe8+ Kg7 53. Qd7+ Kf6 54. Qd8+ Ke6 55. Qe8+ Kd5 56. Qxb5+ Kxd4 57. Qd7+ Kc4 58.
Qc8+ Kb4 59. Qxb7+ Kxa4 60. Qxa7+ Kb3 61. Qb7+ Ka4 62. Qa6+ Kb3 63. Qb5+ Ka2
64. Qa4+ Kb1 65. Qd1 Kb2 66. Qxc1+ Bxc1 67. g3 Kc3 68. f4 Kd4 69. Kf3 Kd5 70.
Kg4 Ke6 71. h4 Kf6 72. h5 Bd2 73. Kf3 Ke6 74. g4 Kf6 75. Ke4 Ke6 76. g5 Bc1 77.
f5+ Kf7 78. h6 Bxg5 79. h7 Bf6 1/2-1/2

[Event "VI Open Inverno Vomero"]
[Site "Napoli ITA"]
[Date "2011.02.04"]
[Round "4"]
[White "Di Gennaro, Antonio"]
[Black "Esposito, Rosario"]
[Result "1/2-1/2"]
[WhiteElo "1659"]
[BlackElo "1833"]
[PlyCount "44"]
[EventDate "2011.01.14"]

1. e4 c5 2. Nf3 e6 3. d4 cxd4 4. Nxd4 Nc6 5. Nc3 a6 6. Be3 Qc7 7. Qd2 Nf6 8.
O-O-O Bb4 9. f3 d5 10. Bg5 Qe5 11. Bxf6 Qxf6 12. exd5 Nxd4 13. Qxd4 Qxd4 14.
Rxd4 Bxc3 15. bxc3 exd5 16. Rxd5 Be6 17. Re5 O-O 18. Kb2 Rac8 19. Be2 Rfd8 20.
Rd1 Kf8 21. Rxd8+ Rxd8 22. Bd3 h6 1/2-1/2

[Event "VI Open Inverno Vomero"]
[Site "Napoli ITA"]
[Date "2011.02.04"]
[Round "4"]
[White "De Meo, Guido"]
[Black "Sparice, Lorenzo"]
[Result "1-0"]
[WhiteElo "1851"]
[BlackElo "1380"]
[PlyCount "73"]
[EventDate "2011.01.14"]

1. d4 b6 2. Nf3 Bb7 3. g3 e6 4. c4 c5 5. d5 exd5 6. cxd5 d6 7. Nc3 a6 8. Bg2
Nf6 9. O-O Be7 10. e4 Nbd7 11. Re1 Qc7 12. Bf4 Ne5 13. Rc1 O-O 14. a3 Nh5 15.
Be3 Rfd8 16. Nxe5 dxe5 17. Qxh5 Rd6 18. Qxe5 f6 19. Qh5 Rf8 20. Bf4 Rf7 21. Ne2
g6 22. Qf3 f5 23. Bxd6 Qxd6 24. Qb3 fxe4 25. Bxe4 Bd8 26. Nf4 Qf6 27. f3 Qd4+
28. Kh1 Ba8 29. Ne6 Bxd5 30. Nxd4 Bxb3 31. Nxb3 Kg7 32. Rcd1 Be7 33. Rd7 Kf6
34. Bd5 Rg7 35. g4 h6 36. f4 Bf8 37. Re6# 1-0

[Event "VI Open Inverno Vomero"]
[Site "Napoli ITA"]
[Date "2011.02.04"]
[Round "4"]
[White "Accardo, Francesco"]
[Black "Miccoli, Livio"]
[Result "1-0"]
[WhiteElo "1845"]
[BlackElo "1678"]
[PlyCount "63"]
[EventDate "2011.01.14"]

1. g4 d5 2. Bg2 Bxg4 3. c4 c6 4. cxd5 cxd5 5. Qb3 e6 6. Qa4+ Nc6 7. Qxg4 Nf6 8.
Qa4 Qb6 9. Nf3 Bc5 10. O-O Ne4 11. e3 O-O 12. Nc3 f5 13. d3 Nf6 14. Qb5 Nb4 15.
d4 Bd6 16. Qxb6 axb6 17. a3 Rfc8 18. Bd2 Nc6 19. b4 Ne4 20. Nxe4 fxe4 21. Ng5
e5 22. b5 Na5 23. Bxa5 Rxa5 24. Rfc1 Rca8 25. Bh3 g6 26. Be6+ Kg7 27. Bxd5 Rxb5
28. Bxb7 Rb8 29. Bxe4 exd4 30. Ne6+ Kh6 31. Nxd4 Rh5 32. f4 1-0

[Event "VI Open Inverno Vomero"]
[Site "Napoli ITA"]
[Date "2011.02.11"]
[Round "5"]
[White "Pinto, Gaetano"]
[Black "Rosato, Luciano"]
[Result "1/2-1/2"]
[WhiteElo "2023"]
[BlackElo "2278"]
[PlyCount "120"]
[EventDate "2011.01.14"]

1. d4 g6 2. e4 Bg7 3. Nf3 d6 4. c3 Nf6 5. Qc2 O-O 6. Be2 Nc6 7. O-O e5 8. dxe5
dxe5 9. Nbd2 Nh5 10. Re1 Kh8 11. Bf1 h6 12. b4 a6 13. a4 Re8 14. Nc4 Bg4 15.
Nfd2 Nf4 16. Ne3 Be6 17. Bc4 a5 18. b5 Bxc4 19. Ndxc4 Ne7 20. Rd1 Qc8 21. Ba3
b6 22. Rd2 Qe6 23. Rad1 Ng8 24. Nd5 Rac8 25. Nce3 h5 26. Qa2 Bh6 27. Nxf4 exf4
28. Nd5 Qxe4 29. f3 Qe6 30. c4 c6 31. Bb2+ Kh7 32. bxc6 Qxc6 33. Qb3 Qxc4 34.
Qxb6 Qc5+ 35. Qxc5 Rxc5 36. Kf2 g5 37. h3 Bg7 38. Bxg7 Kxg7 39. h4 f6 40. Nb6
Re7 41. Rd7 Rc2+ 42. R1d2 Rxd2+ 43. Rxd2 Kg6 44. Rd5 Rb7 45. Rb5 Ne7 46. Nc4
Rc7 47. Nd6 Rc2+ 48. Kf1 Nc6 49. hxg5 fxg5 50. Ne4 g4 51. fxg4 h4 52. Rg5+ Kh6
53. Rh5+ Kg6 54. Rg5+ Kf7 55. Rf5+ Ke6 56. Ng5+ Kd6 57. Rxf4 Ke5 58. Re4+ Kd5
59. Rf4 Ke5 60. Re4+ Kd5 1/2-1/2

[Event "VI Open Inverno Vomero"]
[Site "Napoli ITA"]
[Date "2011.02.11"]
[Round "5"]
[White "Longobardi, Giuseppe"]
[Black "Supino, Domenico"]
[Result "0-1"]
[WhiteElo "2033"]
[BlackElo "2109"]
[PlyCount "150"]
[EventDate "2011.01.14"]

1. Nf3 Nf6 2. c4 c5 3. Nc3 d5 4. cxd5 Nxd5 5. g3 Nc6 6. Bg2 Nc7 7. O-O e5 8. b3
Be7 9. Bb2 O-O 10. Rc1 f6 11. Na4 Na6 12. d3 Be6 13. Qd2 Rc8 14. Rfd1 b6 15.
Nc3 Nab4 16. Ba1 Nd5 17. Nxd5 Bxd5 18. Ne1 Bxg2 19. Nxg2 Qd7 20. Qc3 Nd4 21.
Qc4+ Kh8 22. Bxd4 cxd4 23. Qa6 Rc7 24. Rc4 Rxc4 25. bxc4 Rc8 26. Rb1 g5 27. a4
Bc5 28. Qb5 Qe6 29. Qa6 Rc7 30. a5 f5 31. axb6 axb6 32. Qa8+ Rc8 33. Qb7 Rf8
34. Ra1 Rf7 35. Ra8+ Kg7 36. Qb8 Rf8 37. Ra7+ Rf7 38. Rxf7+ Kxf7 39. Qh8 Kg6
40. h4 h6 41. hxg5 hxg5 42. f4 exf4 43. gxf4 Qf6 44. Qg8+ Kh6 45. fxg5+ Qxg5
46. Qh8+ Kg6 47. Kf2 Kf7 48. Qe5 Qf6 49. Qd5+ Ke8 50. Kf3 Qg6 51. Qa8+ Kf7 52.
Qb7+ Ke8 53. Qb8+ Kf7 54. Qb7+ Ke8 55. Qc8+ Kf7 56. Qd7+ Kf8 57. Qd8+ Kf7 58.
Nh4 Qg4+ 59. Kf2 Qf4+ 60. Nf3 Qe3+ 61. Kf1 Qe7 62. Qd5+ Kf6 63. Qg8 Qg7 64.
Qd8+ Qe7 65. Qh8+ Qg7 66. Qh4+ Ke6 67. Ng5+ Kd7 68. Qf4 Qg6 69. Nf3 Qf6 70. Kf2
Bd6 71. Qxd4 Ke7 72. Qxb6 Bg3+ 73. Kxg3 Qxb6 74. Kf4 Kf6 75. e3 Qd6+ 0-1

[Event "VI Open Inverno Vomero"]
[Site "Napoli ITA"]
[Date "2011.02.11"]
[Round "5"]
[White "Cosenza, Gianni"]
[Black "Ficco, Corrado"]
[Result "0-1"]
[WhiteElo "1959"]
[BlackElo "2130"]
[PlyCount "74"]
[EventDate "2011.01.14"]

1. e4 Nf6 2. e5 Nd5 3. d4 d6 4. Nf3 Bg4 5. Be2 c6 6. O-O Bxf3 7. Bxf3 dxe5 8.
dxe5 e6 9. c4 Ne7 10. Qxd8+ Kxd8 11. Be4 Nd7 12. f4 Ng6 13. Be3 Bc5 14. Bxc5
Nxc5 15. Nc3 Kc7 16. b4 Nxe4 17. Nxe4 Rhd8 18. g3 Rd4 19. Nd6 f6 20. Rae1 Rf8
21. c5 fxe5 22. fxe5 Rxf1+ 23. Rxf1 Nxe5 24. Rf8 Rxb4 25. Rc8+ Kd7 26. Rg8 Rb1+
27. Kg2 Rb2+ 28. Kh3 Ke7 29. Rxg7+ Kf6 30. Rxh7 Rxa2 31. Rh6+ Kg5 32. Rxe6 Ng4
33. Rg6+ Kxg6 34. Kxg4 Rxh2 35. Nxb7 Rb2 36. Nd8 a5 37. Nxc6 a4 0-1